Normal view
MARC view
- Dammer, G W A
Entry Personal Name
001 - CONTROL NUMBER
- control field: 6570
003 - CONTROL NUMBER IDENTIFIER
- control field: OSt
005 - DATE AND TIME OF LATEST TRANSACTION
- control field: 20241224154950.0
008 - FIXED-LENGTH DATA ELEMENTS
- fixed length control field: 241224|| aca||aabn | a|a d
040 ## - CATALOGING SOURCE
- Original cataloging agency: OSt
- Transcribing agency: OSt
100 ## - HEADING--PERSONAL NAME
- Personal name: Dammer, G W A
670 ## - SOURCE DATA FOUND
- Source citation: Work cat.: (OSt)10049: Dammer, G W A ., Variable resistors and potentiometers / , 1963.
